Operating systems : Design and implementation /

Enregistré dans:
Détails bibliographiques
Auteur principal: Tanenbaum, Andrew S (Auteur)
Format: Livre
Langue:anglais
Publié: New York : Prentice Hall, 1987
Tags: Ajouter un tag
Pas de tags, Soyez le premier à ajouter un tag!

MARC

LEADER 00000nam a22000003a 4500
001 stu8808
005 20150617225807.1
008 960423s1987----xxu-----------------eng-d
040 |a STU  |b slo 
041 0 |a eng 
044 |a xxu 
080 |a 681.32.066 
080 |a 681.327.8 
100 1 |a Tanenbaum, Andrew S  |4 aut 
245 1 |a Operating systems :  |b Design and implementation /  |c [aut.] Tanenbaum,Andrew S 
260 |a New York :  |b Prentice Hall,  |c 1987 
300 |a 719 s 
996 |b 284IK06625  |c I*9OP3576  |l I  |s A  |a 24  |w stu8808_0001